Elektronikus fizetési módok vizsgálata vendéglátóhelyi fogyasztás során

Bibliográfiai részletek
Szerző: Ramocsai Barbara Johanna
További közreműködők: Debreceni János
Dokumentumtípus: Diplomadolgozat
Kulcsszavak:Vendéglátás
Fizetés
Bankkártya
pénz
Online Access:http://dolgozattar.uni-bge.hu/23155

MARC

LEADER 00000nta a2200000 i 4500
001 dolg23155
005 20200226105228.0
008 191122suuuu hu om 000 hun d
040 |a BGE Dolgozattár Repozitórium  |b hun 
041 |a hu 
100 1 |a Ramocsai Barbara Johanna 
245 1 0 |a Elektronikus fizetési módok vizsgálata vendéglátóhelyi fogyasztás során  |c Ramocsai Barbara Johanna  |h [elektronikus dokumentum] 
246 1 1 |a Elektronikus fizetési módok vizsgálata vendéglátóhelyi fogyasztás során 
695 |a Vendéglátás 
695 |a Fizetés 
695 |a Bankkártya 
695 |a pénz 
700 1 |a Debreceni János  |e ths 
856 4 0 |u http://dolgozattar.uni-bge.hu/23155/1/Ramocsai%20Barbara%20WFP9H9%20szakdolgozat.pdf  |z Dokumentum-elérés